000 00718cam a2200193 i 4500
005 20251201123744.0
008 250721s1989 ua gr 000 0 ara d
082 1 4 _a213
_bك ث ي
100 1 _aإسماعيل، عماد الدين أبو الفداء
_eمؤلف.
245 1 0 _aفضائل القرآن /
_cتأليف ابن كثير ؛ تحقيق سعيد عبد المجيد محمود.
264 3 1 _aالقاهره :
_bدار الحديث،
_c1989.
300 _a225 صفحة.
650 1 7 _aالإسلام.
650 1 7 _aالحديث الشريف.
650 1 7 _aالقرآن الكريم.
700 1 _aمحمود، سعيد عبد المجيد
_eمحقق.
942 _2ddc
_cBK
999 _c17775
_d17775